<?xml version="1.0" encoding="UTF-8"?><?xml-stylesheet type="text/xsl" href="static/style.xsl"?><OAI-PMH xmlns="http://www.openarchives.org/OAI/2.0/" xmlns:xsi="http://www.w3.org/2001/XMLSchema-instance" xsi:schemaLocation="http://www.openarchives.org/OAI/2.0/ http://www.openarchives.org/OAI/2.0/OAI-PMH.xsd"><responseDate>2026-06-07T18:58:49Z</responseDate><request verb="GetRecord" identifier="oai:docta.ucm.es:20.500.14352/6155" metadataPrefix="marc">https://docta.ucm.es/rest/oai/request</request><GetRecord><record><header><identifier>oai:docta.ucm.es:20.500.14352/6155</identifier><datestamp>2024-07-03T13:13:26Z</datestamp><setSpec>com_20.500.14352_14</setSpec><setSpec>col_20.500.14352_15</setSpec></header><metadata><record xmlns="http://www.loc.gov/MARC21/slim" xmlns:dcterms="http://purl.org/dc/terms/" xmlns:xsi="http://www.w3.org/2001/XMLSchema-instance" xmlns:doc="http://www.lyncode.com/xoai" xsi:schemaLocation="http://www.loc.gov/MARC21/slim http://www.loc.gov/standards/marcxml/schema/MARC21slim.xsd">
   <leader>00925njm 22002777a 4500</leader>
   <datafield ind2=" " ind1=" " tag="042">
      <subfield code="a">dc</subfield>
   </datafield>
   <datafield ind2=" " ind1=" " tag="720">
      <subfield code="a">Merino Sanz, María Pilar</subfield>
      <subfield code="e">author</subfield>
   </datafield>
   <datafield ind2=" " ind1=" " tag="720">
      <subfield code="a">Mustafín, Ilshat</subfield>
      <subfield code="e">author</subfield>
   </datafield>
   <datafield ind2=" " ind1=" " tag="720">
      <subfield code="a">Gómez De Liaño Sánchez, Pilar</subfield>
      <subfield code="e">author</subfield>
   </datafield>
   <datafield ind2=" " ind1=" " tag="720">
      <subfield code="a">Cölliga, Carlos</subfield>
      <subfield code="e">author</subfield>
   </datafield>
   <datafield ind2=" " ind1=" " tag="260">
      <subfield code="c">2020-03-13</subfield>
   </datafield>
   <datafield ind2=" " ind1=" " tag="520">
      <subfield code="a">Five cases with a mean (± SD) age of 61 (12.02) years are described to study the outcomes of treatment with central mini-plication of the medial rectus (MR) muscles in adult convergence insufficiency with diplopia and near exotropia: mean preoperative deviation: 18 (± 2) pd. Surgical outcome was considered to be favorable when diplopia and symptoms were resolved and final exotropia at near was ≤8 pd at the end of follow-up.
A central mini-plication of the medial rectus (MR) muscles was performed in 5 patients (4 unilateral). Overcorrection at distance vision was recorded in 3 cases; this resolved by 3 months postoperatively. There was not overcorrection at near vision in any case. None of the cases operated on had overcorrection at the end of follow-up. The final horizontal deviation was ≤8 pd at near vision, except for 1 case. Symptoms and diplopia resolved in every case but 2/5 required reoperations. The mean follow-up was 8 (2.12) months. Central mini-plication of 1 or 2 medial rectus muscles can improve the symptoms and signs of exotropia associated with convergence insufficiency when exercises and the prisms are rejected by the patients and when these approaches have not solved the problem.</subfield>
   </datafield>
   <datafield ind1="8" ind2=" " tag="024">
      <subfield code="a">Merino Sanz, P., Mustafín, I., Gómez De Liaño Sánchez, P. et al. «Central Mini-Plication of the Medial Rectus for Convergence Insufficiency». Journal of Binocular Vision and Ocular Motility, vol. 70, n.o 2, abril de 2020, pp. 53-56. DOI.org (Crossref), https://doi.org/10.1080/2576117X.2020.1724741.</subfield>
   </datafield>
   <datafield ind1="8" ind2=" " tag="024">
      <subfield code="a">2576-117X</subfield>
   </datafield>
   <datafield ind1="8" ind2=" " tag="024">
      <subfield code="a">10.1080/2576117X.2020.1724741</subfield>
   </datafield>
   <datafield ind1="8" ind2=" " tag="024">
      <subfield code="a">https://hdl.handle.net/20.500.14352/6155</subfield>
   </datafield>
   <datafield ind1="8" ind2=" " tag="024">
      <subfield code="a">https://doi.org/10.1080/2576117X.2020.1724741</subfield>
   </datafield>
   <datafield ind1="8" ind2=" " tag="024">
      <subfield code="a">https://www.tandfonline.com/eprint/PPKZUPP8YMHIVJIEVQEB/full?target=10.1080/2576117X.2020.1724741</subfield>
   </datafield>
   <datafield ind2="0" ind1="0" tag="245">
      <subfield code="a">Central Mini-plication of the Medial Rectus for Convergence Insufficiency</subfield>
   </datafield>
</record></metadata></record></GetRecord></OAI-PMH>